| 000 | 00355nam a2200109Ia 4500 | ||
|---|---|---|---|
| 008 | 171204s9999 xx 000 0 und d | ||
| 245 | _aCrowdgaming: The Role of Crowdsourcing in the Video Games Industry: | ||
| 245 | _cFrancesco Ursino | ||
| 260 | _c2016 | ||
| 650 | _xVIDEO PRODUCTION AND DIRECTION | ||
| 856 | _uhttp://down.ebook777.com/029/B01CFCVMYS.pdf | ||
| 999 |
_c346207 _d346207 |
||